Realidad nacional, descentralización y autonomías / (Record no. 110112)

MARC details
000 -LEADER
campo de control de longitud fija 00999nam a2200193 4500
001 - NÚMERO DE CONTROL
campo de control 1542
005 - FECHA Y HORA DE LA ÚLTIMA TRANSACCIÓN
campo de control 20230411085949.0
008 - DATOS DE LONGITUD FIJA--INFORMACIÓN GENERAL
campo de control de longitud fija 060907n2000 dr spa
020 ## - NÚMERO INTERNACIONAL ESTÁNDAR DEL LIBRO
Número Internacional Estándar del Libro 9978961313
035 ## - NÚMERO DE CONTROL DEL SISTEMA
-- funglode1549
041 ## - CÓDIGO DE IDIOMA
Código de lengua del texto/banda sonora o título independiente ES
100 ## - ENTRADA PRINCIPAL--NOMBRE DE PERSONA
Nombre de persona Guzmán C., Marco A
245 1# - MENCIÓN DEL TÍTULO
Título Realidad nacional, descentralización y autonomías /
Mención de responsabilidad, etc. Marco A. Guzmán C
260 ## - PUBLICACIÓN, DISTRIBUCIÓN, ETC.
Lugar de publicación, distribución, etc. Quito :
Nombre del editor, distribuidor, etc. Corporación de Estudios para el Desarrollo - CORDES,
Fecha de publicación, distribución, etc. 2000
300 ## - DESCRIPCIÓN FÍSICA
Extensión 93 p.
440 ## - MENCIÓN DE SERIE/PUNTO DE ACCESO ADICIONAL--TÍTULO
Título Cuadernos sobre descentralización ;
Designación de volumen o secuencia 1
520 ## - RESUMEN, ETC.
Sumario, etc. Realidad nacional, descentralización, autonomías regionales o provinciales, 5. -- Visión general, 11. -- Conceptos generales y aspiraciones políticas frente a realidades, 19. -- Análisis de ciertas características específicas de la realidad ecuatoriana, 27. -- El drama de la miseria y la pobreza en cantones y provincias periféricos, 39. -- Elementos que resulta indispensable considerar para la búsqueda de soluciones, 51
942 ## - ELEMENTOS DE ENTRADA SECUNDARIOS (KOHA)
Fuente del sistema de clasificación o colocación Clasificación de Library of Congress
Tipo de ítem Koha
Holdings
Estatus retirado Estado de pérdida Fuente del sistema de clasificación o colocación Estado de daño No para préstamo Colección Biblioteca de origen Biblioteca actual Ubicación en estantería Fecha de adquisición Código de barras Visto por última vez Copia número Tipo de ítem Koha
    Clasificación de Library of Congress     Automatización y Procesos Técnicos Biblioteca Juan Bosch Biblioteca Juan Bosch Automatización y Procesos Técnicos (1er. Piso) 17/02/2019 00020021112 17/02/2019 1